Aller au contenu

Основания и фундаменты при сложных силовых воздействиях (опыты): в 3-х т. Т. 1 монография Т. 1 Основания и фундаменты при сложных силовых воздействиях (опыты): в 3-х т. Т. 1

Приведены результаты лабораторных опытов с моделями круглых и кольцевых штампов при действии на них плоской системы статических сил на наклонном сжимающем слое, то же на слое равномерной по площади сжимаемости при действии плоской системы циклических нагрузок. Рассмотрены результаты экспериментов на...

Description complète

Enregistré dans:
Détails bibliographiques
Auteur principal: Леденёв В. В.
Format: Книга
Langue:Russian
Publié: Тамбов ТГТУ 2021
Accès en ligne:https://e.lanbook.com/book/320351
https://e.lanbook.com/img/cover/book/320351.jpg
Tags: Ajouter un tag
Pas de tags, Soyez le premier à ajouter un tag!
LEADER 02204nam0a2200277 i 4500
001 320351
003 RuSpLAN
005 20240216150941.0
008 240216s2021 ru gs 000 0 rus
020 |a 978-5-8265-2295-0 
040 |a RuSpLAN 
041 0 |a rus 
044 |a ru 
080 |a 624.151 
084 |a Н58-02  |2 rubbk 
245 1 |a Основания и фундаменты при сложных силовых воздействиях (опыты): в 3-х т. Т. 1  |b монография  |c Леденёв В. В.   |n Т. 1  |p Основания и фундаменты при сложных силовых воздействиях (опыты): в 3-х т. Т. 1 
260 |a Тамбов  |b ТГТУ  |c 2021 
300 |a 385 с. 
504 |a Библиогр.: доступна в карточке книги, на сайте ЭБС Лань 
520 8 |a Приведены результаты лабораторных опытов с моделями круглых и кольцевых штампов при действии на них плоской системы статических сил на наклонном сжимающем слое, то же на слое равномерной по площади сжимаемости при действии плоской системы циклических нагрузок. Рассмотрены результаты экспериментов на основании, усиленном различными армирующими элементами. Получены эмпирические зависимости между влияющими параметрами. Даны практические рекомендации. Предназначена для научных работников, аспирантов и магистрантов строительного профиля. 
521 8 |a Книга из коллекции ТГТУ - Инженерно-технические науки 
521 8 |a СЭБ 
100 1 |a Леденёв В. В. 
856 4 |u https://e.lanbook.com/book/320351 
856 4 8 |u https://e.lanbook.com/img/cover/book/320351.jpg 
953 |a https://e.lanbook.com/img/cover/book/320351.jpg